000 00750 a2200169 4500
999 _c8759
_d8759
020 _a07153116893
050 0 0 _aND1505 HAR 1999
100 1 _aHarrison, Hazel.
_eauthor
245 1 0 _aPainting great pictures from photographs :
_bgain a new visual vocabulary and discover new creative possibilities /
_cHazel Harrison.
264 _aLondon :
_bQuarto
_c199
300 _a128 p. :
_bcol. ill. ;
500 _aIncludes index
650 0 _aPainting from photographs
_xTechnique.
856 4 2 _3Publisher description
_uhttp://www.loc.gov/catdir/description/ste021/00500979.html
942 _2lcc
_cBK
_h1505
_iHAR
_kND